| 000 | 01004pam a2200325 i 4500 | ||
|---|---|---|---|
| 999 |
_c1550 _d1550 |
||
| 001 | 017434995 | ||
| 003 | Uk | ||
| 005 | 20230112100242.0 | ||
| 008 | 150507s2015 enka j 000|1|eng|d | ||
| 015 |
_aGBB588558 _2bnb |
||
| 016 | 7 |
_a017434995 _2Uk |
|
| 020 | _a9780723296287 (pbk.) : | ||
| 040 |
_aStDuBDS _beng _cStDuBDS _dUk _dKH8 _erda |
||
| 042 | _aukblcatcopy | ||
| 082 | 0 | 4 |
_a823.92 DUN _223 |
| 100 | 1 |
_aDungworth, Richard, _eauthor. |
|
| 245 | 1 | 0 |
_aAll hands on deck! / _cRichard Dungworth, Sharon Harmer. |
| 264 | 1 |
_aLondon : _bLadybird Books Limited, _c2015. |
|
| 300 |
_a1 volume (unpaged) : _bchiefly illustrations ; _c30 cm. |
||
| 336 |
_atext _2rdacontent |
||
| 336 |
_astill image _2rdacontent |
||
| 337 |
_aunmediated _2rdamedia |
||
| 338 |
_avolume _2rdacarrier |
||
| 490 | 0 | _aSkullabones Island | |
| 530 | _aAlso issued online. | ||
| 655 | 7 |
_aChildren's stories _vPictorial works. _2gsafd |
|
| 655 | 0 | _aStories in rhyme. | |
| 700 | 1 |
_aHarmer, Sharon, _eartist. |
|
| 942 |
_2ddc _cNFIC |
||